000 01329cam a2200325 a 4500
001 13452753
003 ARRUPE
005 20220405092438.0
008 040108s2003 enka b 001 0 eng d
010 _a 2004266678
020 _a019514743X
035 _a(OCoLC)ocm51962641
040 _aDPL
_cDPL
_dIXA
_dDLC
042 _alccopycat
050 0 0 _aQA295
_b.A85 2003
082 0 0 _a515/.243
_222
100 1 _aKaplan, Robert,
_d1933-
_951182
245 1 4 _aThe art of the infinite :
_bthe pleasures of mathematics /
_cRobert Kaplan and Ellen Kaplan ; illustrations by Ellen Kaplan.
260 _aOxford ;
_aNew York :
_bOxford University Press,
_cc2003.
300 _aix, 324 p. :
_bill. ;
_c25 cm.
504 _aIncludes bibliographical references (p. 315-316) and index.
650 0 _aSeries, Infinite.
_951183
650 0 _aProcesses, Infinite.
_951184
700 1 _aKaplan, Ellen,
_d1936-
_951185
856 4 2 _3Publisher description
_uhttp://www.loc.gov/catdir/enhancements/fy0620/2004266678-d.html
856 4 2 _3Contributor biographical information
_uhttp://www.loc.gov/catdir/enhancements/fy0723/2004266678-b.html
906 _a7
_bcbc
_ccopycat
_d2
_encip
_f20
_gy-gencatlg
942 _2lcc
_cMONOGRAPH
999 _c131238
_d131238